Readings in MicroFinance (Record no. 4000)

MARC details
000 -LEADER
fixed length control field 01350nam a22001817a 4500
020 ## - INTERNATIONAL STANDARD BOOK NUMBER
ISBN 8178885239
022 ## - INTERNATIONAL STANDARD SERIAL NUMBER
ISSN 9788178885230
050 ## - CALL NUMBER
Classification number HG178
100 ## - AUTHOR
Personal name N.Lalitha
245 ## - TITLE
Title Readings in MicroFinance
Statement of responsibility, etc N.Lalitha
260 ## - PUBLICATION INFORMATION
Place of publication New Delhi
Name of publisher Dominant Publisgers and Distributors
Year of publication 2008
300 ## - DESCRIPTION
Number of Pages ix, 284p,
Other physical details ill, 25cm
500 ## - NOTES
General note includes index
505 ## - FORMATTED CONTENTS NOTE
Table of Content Introduction 1-30<br/>Deeping Micro Finance outreach with New products 31-60<br/>Progress of self help groups 63-76<br/>Role of Banks & Apex institutions in promoting the sustainability of self help groups 77-97<br/>Best practices of microfinance credit plus approach-Knowledge, information and capability building 99-118<br/>Co-operative Banks in micro-credit -spread and performance 119-142<br/>Micro-insurance-challenges and opportunities 143-162<br/>Micro insurance for the bottom of the pyramid market in India -The way forward 163-186<br/>Microfinance Governance -Principles and Practices 187-195<br/>Best Practices in mainstreaming Gender through Microfinance institutions 1897-215<br/>Legal structures for federations of self help groups 217-224<br/>The current seenario of social development through self help groups 225-235<br/>Microfinance through self help groups and poverty alleviation 237-247<br/><br/><br/><br/><br/><br/><br/><br/>
650 ## - SUBJECTS
Topical Term MicroFinance
700 ## - OTHER AUTHORS
Personal name N.Lalitha
942 ## - ADDED ENTRY ELEMENTS (KOHA)
Koha item type Books
Holdings
Withdrawn status Lost status Collection code Home library Current library Shelving location Date acquired Full call number Accession Number Koha item type
    Reference Methodist University Library Main Methodist University Library Main General Stacks 13/06/2009 HG178.l35 23740 Books
    Reference Methodist University Library Main Methodist University Library Main General Stacks 30/01/2009 HG178.l35 23741 Books
Copyright © 2026  MUG Library